000 00418nam a2200145 i 4500
001 52590
003 ES-MaACL
007 t|
008 030901s1905 fr ||||1| fre d
100 1 _aChéradame, André.
_938351
245 1 3 _aLa colonisation et les colonies allemandes /
_cAndré Chéradame.
260 _aParis :
_bPlon, Nourrit et Cie,
_c1905.
300 _a485 p., 8 map. ;
_c26 cm.
852 _aES-MaACL
_jG-5289
999 _c52590
_d52590